Validación del método de capacidad en estaciones de cobro de peaje en serie

Na minha lista:
Detalhes bibliográficos
Autor principal: Scott Anglin, David
Formato: Livro
Publicado em: San José, C.R 2002
Assuntos:
Tags: Adicionar Tag
Sem tags, seja o primeiro a adicionar uma tag!

MARC

LEADER 00000nam a2200000Ia 4500
003 009034
005 20221231144151.0
008 140114s2002 cr a m 000 ||s d
040 |c cru CEDI 
090 |a TFG 4595 
100 |a Scott Anglin, David  |9 7167 
245 |a Validación del método de capacidad en estaciones de cobro de peaje en serie  
260 |c 2002  |a  San José, C.R 
300 |a San José, C.R. 
500 |a  Proyecto de graduación (licenciatura en Ingeniería Civil)--Universidad de Costa Rica. Facultad de Ingeniería. Escuela de Ingeniería Civil 
650 |x PEAJES   |x  DISEÑO   |x  COSTA RICA   |x FLUJO DE TRAFICO   |x ESTUDIO DE TIEMPOS   |x ANALISIS DE SERIES DE TIEMPO   |x CALIDAD DEL SERVICIO   |x INVESTIGACION OPERACIONAL  |9 7168 
942 |c TFG 
999 |c 17850  |d 17850